Виды парадигм и типологическая характеристика языка (опыт дифференцирующего описания глагольных категорий современного немецкого языка); Вестник Томского государственного педагогического университета; № 9

Dades bibliogràfiques
Parent link:Вестник Томского государственного педагогического университета/ Томский государственный педагогический университет (ТГПУ).— , 1997-
№ 9.— 2006.— [С. 19-26]
Autor principal: Жукова Н. С. Нина Степановна
Sumari:Заглавие с экрана
В статье на примере дифференцирующего метода описания глагольных категорий современного немецкого языка показана типологическая релевантность различных видов глагольной парадигмы, в существовании которых на синхронном срезе отражаются происходящие в соответствии с общей тенденцией развития системы языка типологически значимые изменения.
The paper discusses typological relevance of different types of verbal paradigms on the basis of the differencing method of verbal categories description in modern German. The types of verbal paradigms are viewed via the prism of typologically relevant changes occurring within the general tendency of the language system development.
Режим доступа: по договору с организацией-держателем ресурса
Idioma:rus
Publicat: 2006
Matèries:
Accés en línia:http://elibrary.ru/item.asp?id=11612818
http://vestnik.tspu.ru/archive.html?year=2006&issue=9&article_id=444
Format: MixedMaterials Electrònic Capítol de llibre
KOHA link:https://koha.lib.tpu.ru/cgi-bin/koha/opac-detail.pl?biblionumber=638266

MARC

LEADER 00000naa0a2200000 4500
001 638266
005 20250130131750.0
035 |a (RuTPU)RU\TPU\network\2566 
035 |a RU\TPU\network\2557 
090 |a 638266 
100 |a 20141224d2006 k||y0rusy50 ca 
101 0 |a rus 
102 |a RU 
135 |a drcn ---uucaa 
181 0 |a i  
182 0 |a b 
200 1 |a Виды парадигм и типологическая характеристика языка (опыт дифференцирующего описания глагольных категорий современного немецкого языка)  |d Types of Paradigms and Typological Characteristics of Language (Differencing Method of Verbal Categories Description in Modern German)  |f Н. С. Жукова 
203 |a Текст  |c электронный 
300 |a Заглавие с экрана 
320 |a [Библиогр.: с. 25 (24 назв.)] 
330 |a В статье на примере дифференцирующего метода описания глагольных категорий современного немецкого языка показана типологическая релевантность различных видов глагольной парадигмы, в существовании которых на синхронном срезе отражаются происходящие в соответствии с общей тенденцией развития системы языка типологически значимые изменения. 
330 |a The paper discusses typological relevance of different types of verbal paradigms on the basis of the differencing method of verbal categories description in modern German. The types of verbal paradigms are viewed via the prism of typologically relevant changes occurring within the general tendency of the language system development. 
333 |a Режим доступа: по договору с организацией-держателем ресурса 
461 |t Вестник Томского государственного педагогического университета  |f Томский государственный педагогический университет (ТГПУ)  |d 1997- 
463 |t № 9  |v [С. 19-26]  |d 2006 
510 1 |a Types of Paradigms and Typological Characteristics of Language (Differencing Method of Verbal Categories Description in Modern German)  |z eng 
610 1 |a электронный ресурс 
610 1 |a труды учёных ТПУ 
700 1 |a Жукова  |b Н. С.  |c лингвист  |c доцент Томского политехнического университета, кандидат филологических наук  |f 1954-  |g Нина Степановна  |3 (RuTPU)RU\TPU\pers\32527 
801 2 |a RU  |b 63413507  |c 20150113  |g RCR 
856 4 |u http://elibrary.ru/item.asp?id=11612818 
856 4 |u http://vestnik.tspu.ru/archive.html?year=2006&issue=9&article_id=444 
942 |c CF